Skróty w harcerstwie - Statystyki

Ogólne statystyki
  • Ten quiz został rozwiązany 20 razy
  • Średni wynik to 8 z 14
Statystyki odpowiedzi
Skrót Odpowiedź % Poprawnych
ZHP Związek Harcerstwa Polskiego
100%
ZHR Związek Harcerstwa Rzeczypospolitej
93%
HO Harcerz Orli
87%
HR Harcerz Rzeczypospolitej
87%
DH DruH
80%
DSH Drużyna StarszoHarcerska
73%
ONC Ojczyzna Nauka Cnota
73%
DW Drużyna Wędrownicza
60%
GZ Gromada Zuchowa
60%
FSE (po polsku) Federacja Skautów Europy
20%
WOSM World Organization of the Scout Movement
13%
HRP Harcerstwo Rzeczypospolitej Polskiej
7%
RRP Royal Rangers Polska
0%
WAGGGS World Association of Girl Guides and Girl Scouts
0%
Nie znaleziono quizów pasujących do podanych kryteriów
Rozkład punktacji
Procent ludzi z każdym wynikiem
Percentyl według liczby udzielonych odpowiedzi
Twoja historia wyników
Nie rozwiązałeś tego quizu